00347 2200145 4500001002100000005001500021035002000036245005600056100001500112300001200127260002800139082000800167084001400175990001200189INLIS00000000000178920250506091735 a0010-05250000811 aLegenda Malin Kundang Si Anak Durhaka /cIkranegara0 aIkranegara a128 hlm aJombang :bLintas Media a813 a813 IKR l a0754583